=LDR 00000nam 2200000 4500 =001 INLIS000000000034108 =005 20130612140027 =008 ***********************************ind** =035 ##$$0010-061300000034108 =041 ##$$a ind =082 ##$$a 006.076 =090 ##$$a 006.076, Rizky l =100 ##$$a Rizky, Sutam =245 ##$$a Learnning by sample ASP NET 3.5, Soetam Rizky; Editor, Tim Prestasi =260 ##$$a 2009 $b Jakarta =300 ##$$a x, 386 hlm, 21 cm =650 ##$$a Komputer - Program ASP, NET 3 =650 ##$$a 5 =700 ##$$a Tim Prestasi =850 ##$$a NBPNMAT